Environmental and natural resources (Record no. 15592)
[ view plain ]
| 000 -LEADER | |
|---|---|
| fixed length control field | 00291nam a22000977a 4500 |
| 008 - FIXED-LENGTH DATA ELEMENTS--GENERAL INFORMATION | |
| fixed length control field | 160202b xxu||||| |||| 00| 0 eng d |
| 020 ## - INTERNATIONAL STANDARD BOOK NUMBER | |
| Linkage | 9780765637925 |
| 100 ## - MAIN ENTRY--PERSONAL NAME | |
| Personal name | Harris, M. Jonathan |
| 245 ## - TITLE STATEMENT | |
| Title | Environmental and natural resources |
| Remainder of title | a contemporary approach |
| 500 ## - GENERAL NOTE | |
| General note | To be cataloged a fresh |
| Withdrawn status | Lost status | Source of classification or shelving scheme | Koha normalized classification for sorting | Not for loan | Home library | Current library | Date acquired | Total Checkouts | Total Renewals | Full call number | Barcode | Date last seen | Date last checked out | Price effective from | Koha item type |
|---|---|---|---|---|---|---|---|---|---|---|---|---|---|---|---|
| Library of Congress Classification | HC0079 E5 H37 02013 C.00001 | Kabarak, Main Campus | Kabarak, Main Campus | 02/02/2016 | 2 | 1 | HC 79 .E5H37 2013 C.1 | 017051 | 02/08/2024 | 29/06/2016 | 02/02/2016 | General Collection |